Score 0/20 Timer 03:00
3 Plays Today
% Correct
May the Force be with You
94.4%
You May Kiss the Bride
93.3%
Maybelline
92.5%
To Whom it May Concern
92.2%
Mayonnaise
91.5%
Mayday
91.5%
Mayflower
90.6%
Floyd Mayweather
88.7%
May Queen
87.2%
Maypole
86.9%
% Correct
Georgia May Jagger
86.2%
Louisa May Alcott
84.3%
Mayor
83.2%
Devil May Cry
79.6%
Maya Angelou
78.5%
Come What May
77.3%
Brian May
76.7%
John Maynard Keynes
76.3%
James May
73%
Theresa May
70%
Remove Ads.
Support Sporcle.
Get the best of Sporcle when you Go Orange. This ad-free experience offers more features, more stats, and more fun while also helping to support Sporcle. Thank you for becoming a member.

You're not logged in!

Compare scores with friends on all Sporcle quizzes.
OR
Log In

Show Comments

Extras

Top Quizzes Today


Score Distribution

Your Account Isn't Verified!

In order to create a playlist on Sporcle, you need to verify the email address you used during registration. Go to your Sporcle Settings to finish the process.

Report this User

Report this user for behavior that violates our Community Guidelines.

Details: